000 00378pab a2200145 454500
008 180718b1988 xxu||||| |||| 00| 0 eng d
100 _aAmrik Singh
245 _aThe teachers strike and after
_bEmerging trends and issues
260 _c1988
300 _a1484-96
362 _a16 Jul.
650 _aStrikes - India
773 _aEconomic and Political Weekly
909 _a18575
999 _c18575
_d18575